Natural Resources and Development. (Record no. 1505)
[ view plain ]
| 000 -LEADER | |
|---|---|
| fixed length control field | 01374cas a2200385 4500 |
| 001 - CONTROL NUMBER | |
| control field | 1505 |
| 005 - DATE AND TIME OF LATEST TRANSACTION | |
| control field | 20211208233341.0 |
| 008 - FIXED-LENGTH DATA ELEMENTS--GENERAL INFORMATION | |
| fixed length control field | 131128c19759999gw fr p 0 a0eng |
| 030 ## - CODEN DESIGNATION | |
| CODEN | NREDEP |
| 035 ## - SYSTEM CONTROL NUMBER | |
| System control number | (OCoLC)ocm02881266 |
| System control number | (BD-RjUL)1528 |
| 040 ## - CATALOGING SOURCE | |
| Original cataloging agency | DLC |
| Transcribing agency | DLC |
| Modifying agency | AIP |
| -- | DLC |
| -- | OUCA |
| -- | OCoLC |
| -- | BD-RjUL |
| 042 ## - AUTHENTICATION CODE | |
| Authentication code | pcc |
| 043 ## - GEOGRAPHIC AREA CODE | |
| Geographic area code | e-gw--- |
| -- | d------ |
| 082 ## - DEWEY DECIMAL CLASSIFICATION NUMBER | |
| Classification number | 333.005 |
| Author mark and year | NRD |
| 245 00 - TITLE STATEMENT | |
| Title | Natural Resources and Development. |
| 260 ## - PUBLICATION, DISTRIBUTION, ETC. (IMPRINT) | |
| Place of publication, distribution, etc. | [Tübingen, Ger., |
| Name of publisher, distributor, etc. | Institute for Scientific Co-operation |
| Date of publication, distribution, etc. | 1975- |
| 300 ## - PHYSICAL DESCRIPTION | |
| Pagination | V. : |
| Illustrations | ill. ; |
| Size | 24 cm. |
| 500 ## - GENERAL NOTE | |
| General note | "Collection of recent German contributions concerning the exploration and exploitation of natural resources." |
| 650 #0 - SUBJECT ADDED ENTRY--TOPICAL TERM | |
| Topical term or geographic name as entry element | Natural resources |
| Form subdivision | Periodicals. |
| 9 (RLIN) | 4499 |
| Topical term or geographic name as entry element | Conservation of natural resources |
| Form subdivision | Periodicals. |
| 9 (RLIN) | 4500 |
| Topical term or geographic name as entry element | Economic development |
| Form subdivision | Periodicals. |
| 9 (RLIN) | 1961 |
| Topical term or geographic name as entry element | Natural resources |
| Geographic subdivision | Developing countries |
| Form subdivision | Periodicals. |
| 9 (RLIN) | 4501 |
| 710 2# - ADDED ENTRY--CORPORATE NAME | |
| Corporate name or jurisdiction name as entry element | Institut für Wissenschaftliche Zusammenarbeit mit Hochschulen der Entwicklungsländer (Tübingen, Germany) |
| 9 (RLIN) | 4502 |
| 906 ## - LOCAL DATA ELEMENT F, LDF (RLIN) | |
| a | 7 |
| b | cbc |
| c | serials |
| d | 4 |
| e | ncip |
| f | 19 |
| g | n-oclcserc |
| 936 ## - OCLC/CONSER MISCELLANEOUS DATA (OCLC); PIECE USED FOR CATALOGING (pre-AACR2) (RLIN) | |
| OCLC control number(s) of parallel record(s) (OCLC); Piece used for cataloging, PUC (RLIN) | v. 1 |
| 942 ## - ADDED ENTRY ELEMENTS (KOHA) | |
| Source of classification or shelving scheme | Dewey Decimal Classification |
| Koha item type | Continuing Resources |
| Lost status | Source of classification or shelving scheme | Materials specified (bound volume or other part) | Damaged status | Not for loan | Collection code | Permanent Location | Current Location | Shelving location | Date acquired | Total Checkouts | Full call number | Date last seen | Koha item type | Copy number |
|---|---|---|---|---|---|---|---|---|---|---|---|---|---|---|
| Dewey Decimal Classification | Bound Volume | Not For Loan | Non-fiction | Central Library, University of Rajshahi | Central Library, University of Rajshahi | 28/11/2013 | P 333.005 NRD V.7 1978 | 28/11/2013 | Continuing Resources | |||||
| Dewey Decimal Classification | Bound Volume | Not For Loan | Serials | Central Library, University of Rajshahi | Central Library, University of Rajshahi | 22/03/2021 | P 333.005 NRD V-28-33 1988-1991 | 22/03/2021 | Continuing Resources | C-1 |